[Event "Locarno op 4th"]
[Site "Locarno"]
[Date "2019.04.07"]
[Round "5"]
[White "Rusek, Walter"]
[Black "Atukeren, Erdal"]
[Result "0-1"]
[WhiteElo "1842"]
[BlackElo "1816"]
[PlyCount "78"]
[EventDate "2019.04.05"]
[EventType "swiss"]
[EventRounds "5"]
[EventCountry "SUI"]
[SourceTitle "CBM 190 Extra"]
[Source "ChessBase"]
[SourceDate "2019.07.15"]
[SourceVersion "1"]
[SourceVersionDate "2019.07.15"]
[SourceQuality "1"]

1. d4 Nf6 2. Nf3 d5 3. Bf4 c6 4. e3 Bg4 5. Nbd2 e6 6. h3 Bh5 7. c3 Be7 8. Be2 Nbd7 9. Qb3 Qb6 10. 0-0 Ne4 11. Rfe1 f5 12. Qc2 0-0 13. Ne5 Nxe5 14. Bxh5 Nf7 15. Be2 Nxd2 16. Qxd2 Bd6 17. Bxd6 Nxd6 18. Rac1 Rac8 19. c4 Ne4 20. Qc2 Qa5 21. Red1 a6 22. Bd3 Qd8 23. b4 Qh4 24. a4 g5 25. Qe2 h5 26. Rc2 g4 27. Bxe4 fxe4 28. Kh2 gxh3 29. g3 Qg4 30. Qf1 Rf6 31. Rdd2 Rcf8 32. b5 axb5 33. axb5 dxc4 34. Rxc4 h4 35. gxh4 Qxh4 36. Rcc2 cxb5 37. Qg1+ Kh8 38. Qg3 Qxg3+ 39. fxg3 Rf3 0-1

[Event "Winterthur op2"]
[Site "Winterthur"]
[Date "2002.10.14"]
[Round "4"]
[White "Kuhn, Thomas"]
[Black "Atukeren, Erdal"]
[Result "1-0"]
[WhiteElo "2265"]
[BlackElo "1914"]
[PlyCount "47"]
[EventDate "2002.10.11"]
[EventType "swiss"]
[EventRounds "9"]
[EventCountry "SUI"]
[SourceTitle "EXT 2004"]
[Source "ChessBase"]
[SourceDate "2003.11.25"]
[SourceVersion "1"]
[SourceVersionDate "2003.11.25"]
[SourceQuality "1"]

1. d4 d6 2. c4 e5 3. Nf3 e4 4. Ng5 f5 5. Nc3 Be7 6. Nh3 Nf6 7. g3 c6 8. Bg2 d5 9. cxd5 Nxd5 10. Qb3 Nxc3 11. bxc3 Nd7 12. 0-0 Nf6 13. f3 exf3 14. exf3 Qd5 15. Re1 Qxb3 16. axb3 Kf8 17. Nf4 Kf7 18. Bf1 Nd5 19. Bc4 Rd8 20. Ra5 b6 21. Nxd5 cxd5 22. Rxd5 Kf8 23. Rxd8+ Bxd8 24. Ba3+ 1-0

[Event "IECC KO email"]
[Site "IECC email"]
[Date "2002.06.27"]
[Round "?"]
[White "Atukeren, Erdal"]
[Black "Reuter, Alfred J"]
[Result "1/2-1/2"]
[WhiteElo "1693"]
[BlackElo "1793"]
[PlyCount "98"]
[EventDate "2002.??.??"]
[EventType "tourn (corr)"]
[EventRounds "6"]
[SourceTitle "Corr 2008"]
[Source "ChessBase"]
[SourceDate "2008.06.24"]
[SourceVersion "1"]
[SourceVersionDate "2008.06.24"]
[SourceQuality "1"]

1. e4 e5 2. Bc4 Bc5 3. Nc3 d6 4. d3 Nc6 5. Na4 Bb6 6. a3 Qf6 7. Nxb6 axb6 8. Qf3 Nd4 9. Qxf6 Nxf6 10. Kd2 b5 11. Ba2 0-0 12. c3 Nc6 13. h3 h6 14. Ne2 Rd8 15. Kc2 d5 16. exd5 Nxd5 17. g4 Be6 18. f4 f6 19. fxe5 fxe5 20. g5 Kh7 21. gxh6 gxh6 22. Bd2 b4 23. axb4 Ndxb4+ 24. cxb4 Bxa2 25. b3 Rg8 26. b5 Nd4+ 27. Nxd4 exd4 28. Rag1 Rgf8 29. Rf1 Rg8 30. Rhg1 Rxg1 31. Rxg1 Ra3 32. Kb2 Rxb3+ 33. Kxa2 Rxd3 34. Bf4 c5 35. bxc6 bxc6 36. Be5 h5 37. h4 Rh3 38. Bf6 c5 39. Rg7+ Kh6 40. Rc7 Kg6 41. Bg5 Rc3 42. Kb2 c4 43. Rc5 Rb3+ 44. Kc2 d3+ 45. Kd2 Rb2+ 46. Kd1 Rb1+ 47. Kd2 Rb2+ 48. Kd1 Rb1+ 49. Kd2 Rb2+ 1/2-1/2

[Event "IECC TH-M email"]
[Site "IECC email"]
[Date "1999.10.09"]
[Round "?"]
[White "Atukeren, Erdal"]
[Black "Nagley, Tim"]
[Result "0-1"]
[WhiteElo "1717"]
[BlackElo "2050"]
[PlyCount "78"]
[EventDate "1999.??.??"]
[EventType "match (corr)"]
[EventRounds "2"]
[SourceTitle "Corr 2008"]
[Source "ChessBase"]
[SourceDate "2008.06.24"]
[SourceVersion "1"]
[SourceVersionDate "2008.06.24"]
[SourceQuality "1"]

1. d4 d5 2. c4 c6 3. Nf3 Nf6 4. Nc3 dxc4 5. a4 Bf5 6. Ne5 e6 7. f3 Bb4 8. Bg5 h6 9. Bh4 c5 10. dxc5 Qa5 11. Qd4 Bxc5 12. Qxc4 0-0 13. e4 Bh7 14. Rd1 Rc8 15. Qb5 Qxb5 16. Bxb5 a6 17. Be2 Nh5 18. Bf2 Bxf2+ 19. Kxf2 Nc6 20. Nxc6 Rxc6 21. Rd7 Rb8 22. Rhd1 Kf8 23. Rd8+ Rxd8 24. Rxd8+ Ke7 25. Rb8 Rc7 26. Ke3 Nf6 27. Bd3 Nd7 28. Rh8 Nf8 29. g4 g5 30. Ne2 Rc8 31. Ng3 a5 32. e5 Bxd3 33. Kxd3 Rc7 34. Rxh6 Ng6 35. Kd4 Rd7+ 36. Ke4 Rd1 37. Rh7 Re1+ 38. Kd4 Nxe5 39. Ne4 Nxf3+ 0-1

[Event "IECC TH-M email"]
[Site "IECC email"]
[Date "1999.08.26"]
[Round "?"]
[White "Atukeren, Erdal"]
[Black "Berkley, Stephen W"]
[Result "0-1"]
[WhiteElo "1712"]
[BlackElo "1647"]
[PlyCount "42"]
[EventDate "1999.??.??"]
[EventType "match (corr)"]
[EventRounds "2"]
[SourceTitle "Corr 2008"]
[Source "ChessBase"]
[SourceDate "2008.06.24"]
[SourceVersion "1"]
[SourceVersionDate "2008.06.24"]
[SourceQuality "1"]

1. e4 e5 2. Nf3 Nc6 3. Bb5 f5 4. Nc3 fxe4 5. Nxe4 d5 6. Nxe5 dxe4 7. Nxc6 Qg5 8. Qe2 Nf6 9. f4 Qxf4 10. Ne5+ c6 11. Nxc6 a6 12. Ne5+ axb5 13. Qxb5+ Nd7 14. d4 Qf5 15. Rf1 Qe6 16. Nf7 Rg8 17. Ng5 Qd6 18. Rf4 Be7 19. Nxe4 Qxd4 20. Nf6+ Qxf6 21. Rxf6 Bxf6 0-1